000 00694nam a2200229 a 4500
001 BRCA_6561
005 20190320205514.0
008 300911s1907----sp-a######---#000-0#spa-#
041 _aspa
044 _asp
050 4 _aAY1004
_b.A56
245 1 0 _aEl año en la mano
_balmanaque enciclopedia de la vida practica.
260 _aBarcelona
_bLibreria Española
_c1907
300 _a2 v.
_bil.
_c19 cm.
500 _aLa biblioteca cuenta con el v. de 1922 y de 1923
500 _aEl v. de 1923 incluye anotaciones a mano
500 _aEstado físico: el v. de 1922 tiene la encuadernación deteriorada
500 _aL104
650 1 4 _aAlmanaques
_916369
902 _aGFM
942 _2lcc
_cB
999 _c6245
_d6245